El saqueo olvidado: (Registro nro. 11521)
[ vista simple ]
| 000 -Cabecera | |
|---|---|
| Campo de control interno | 00478nam a2200181Ia 4500 |
| 005 - Fecha y hora del registro | |
| control field | 20260306162834.0 |
| 008 - Elementos de Longitud Fija | |
| fixed length control field | 260306t2013||||xx |||||||||||||| ||spa|| |
| 041 ## - Idioma | |
| Codigo Idioma | ESP |
| 082 ## - DEWEY y NOTACIÓN INTERNA | |
| Dewey | 985.071 |
| Notación Interna | A49 |
| 100 ## - AUTOR | |
| Autor denominación | Alvarez Calderón, María Delfina |
| Término de relación | autor |
| 245 #0 - TÍTULO DE MATERIAL BIBLIOGRÁFICO | |
| Título | El saqueo olvidado: |
| Título paralelo | asalto a la casa de Augusto B. Leguía: 1930 |
| 260 ## - CIUDAD, EDITORIAL, AÑO | |
| Año | 2013 |
| 300 ## - DESCRIPCIÓN | |
| N° Páginas | 156 páginas : |
| Dimensiones | 24 cm. |
| 650 ## - TEMAS | |
| Temas | Generalidades |
| 654 ## - PROGRAMAS | |
| Programa | Dpto. de Humanidades |
| 942 ## - ELEMENTOS DE KOHA | |
| Tipo de documento | Libro |
| Nombre del creador | Justo Noguera |
| Código de catalogador | Justo Noguera |
| Esquema de clasificación | Dewey Decimal Classification |
| Suppress in OPAC | |
| Codigo completo | Registro | Colección | Copia número | Disponibilidad | Tipo de préstamo | Biblioteca Actual | Procedencia (Biblioteca) | Ubicacón | Fecha Ingreso | Tipo de Adquisición | Date last seen | Total checkouts | Price effective from | Tipo de Item | Estado del Material | Fuente de Clasificación | Damaged status | Withdrawn status |
|---|---|---|---|---|---|---|---|---|---|---|---|---|---|---|---|---|---|---|
| 985.071 A49 | 1024816 | Universidad Católica San Pablo | 1 | Disponible | Disponible | Víctor Andrés Belaunde | Víctor Andrés Belaunde | Planta baja abierta | 03/06/2026 | Compra | 06/03/2026 | 06/03/2026 | Libro | Bueno | Dewey Decimal Classification |




